000 01088nam a22003731 4500
001 76951
003 BD-RjUL
005 20211209082916.0
008 200208t19681966nyua 000 0 eng
035 _aMITb10520902
035 _aGLIS00520902
040 _aDLC
_cDLC
_dRCD
_beng
041 _aeng
049 _aRCDA
090 _aPE1478
_b.I71 1968
099 _aPE1478.I71 1968
100 1 _aIronman, Ralph,
_d1925-
_9239079
245 1 0 _aWriting the executive report;
_ba guide to report writing for those engaged in science, technology, and management.
260 _aNew York,
_bFunk & Wagnalls
_c[1968, c1966]
300 _a145 p. :
_billus.;
_c22 cm.
336 _atext
_btxt
_2rdacontent
337 _aunmediated
_bn
_2rdamedia
338 _avolume
_bnc
_2rdacarrier
650 0 _aReport writing.
_9239080
910 _aOCLC 60
910 _aOCLC 60
910 _aMARCIVEAUT
942 _2ddc
_cBK
949 _aMYGD
999 _c76951
_d76951